Statistics for ネイティブスピーカーが多い言語50

Click here to take the quiz!

General Stats

  • This quiz has been taken 88 times
  • The average score is 30 of 51

Answer Stats

言語名話者数% Correct
2英語5億3000万人
100%
1中国語13億7000万人
99%
8ロシア語1億8000万人
99%
9日本語1億3400万人
99%
11フランス語1億2300万人
99%
4スペイン語4億2000万人
97%
5アラビア語2億3000万人
97%
7ポルトガル語2億1500万人
96%
10ドイツ語1億3000万人
94%
3ヒンディー語4億9000万人
90%
21イタリア語6100万人
84%
31タイ語4600万人以上
84%
37インドネシア語2300万人
82%
22トルコ語6000万人
81%
14朝鮮語7500万人
79%
15ベトナム語7000万人
79%
45マレー語1800万人
74%
18タミル語7400万人
72%
25ウクライナ語4500万人
72%
47オランダ語1700万人
71%
24ポーランド語5000万人
71%
6ベンガル語2億2000万人
66%
30ビルマ語4200万人
65%
19ペルシア語4600万人
63%
50タガログ語1700万人
62%
20ウルドゥー語6100万人
60%
38ウズベク語2000万人
59%
36ルーマニア語2400万人
56%
51ネパール語1700万人
50%
13ジャワ語7500万人
44%
48アムハラ語1700万人
44%
43ラーオ語1900万人以上
43%
12パンジャーブ語9000万人
41%
33クルド語2600万人
38%
23グジャラート語4600万人
38%
17マラーティー語6800万人
38%
28アゼルバイジャン語3300万人
38%
16テルグ語7000万人
37%
34パシュトー語2700万人
32%
27カンナダ語3500万人
31%
41ヨルバ語1900万人
29%
46イボ語1800万人
29%
35ハウサ語2400万人
29%
42ソマリ語1300〜2000万人
28%
49マダガスカル語1700万人
25%
26マラヤーラム語3600万人
24%
29オリヤー語3200万人以上
22%
44オロモ語1800万人
21%
39シンド語2000万人
19%
32スンダ語2700万人
16%
40セブアノ語2000万人
13%

Score Distribution

Percentile by Number Answered

Percent of People with Each Score

Your Score History

You have not taken this quiz